Music Quiz

Random Music or Kpop Quiz

Name all the kpop subunits Quiz Stats

 Plays Quiz not verified by Sporcle

Score 0/138 Timer 20:00
0 Plays Today
Group Name % Correct
BigbangG-Dragon
91%
BigbangTaeyang
86.9%
BigbangT.O.P
86.9%
2NE1CL
85.1%
BigbangSeungri
83.2%
BigbangDaesung
82.1%
EXOEXO-M
82%
NCTNCT U
81.4%
SHINeeTaemin
81.1%
15&Park Jimin
81.1%
F(x)Amber
80.8%
NCTNCT 127
80.8%
AOAJimin
80.4%
EXOEXO-K
80%
SNSDTaeyeon
79.2%
Block BZico
78.4%
NCTNCT Dream
78.3%
2NE1Bom
77.9%
SHINeeJonghyun
77.1%
BTSSuga
76.9%
Super JuniorSuper Junior M
76.8%
4MinuteHyuna
76.2%
Super JuniorKyuhyun
75.9%
F(x)Luna
75.3%
EXOEXO-CBX
74.8%
BTSRap Monster
74.7%
2NE1Dara
74.7%
SNSDTiffany
73.3%
After SchoolOrange Caramel
72.3%
WinnerMinho
71.7%
SNSDTaetiseo
71.4%
Super JuniorRyeowook
71.1%
VixxRavi
68.9%
Super JuniorYesung
68.7%
TVXQChangmin
68.5%
2PMJun.k
68.5%
InfiniteSunggyu
68.5%
SistarHyorin
67.6%
SistarSistar 19
66.5%
AOAAOA Cream
66.2%
iKONBobby
66.1%
BeastYoseob
65.9%
Infinite Infinite H
65.5%
Miss AFei
65.3%
2PMJay Park
64.7%
TVXQYunho
63.7%
Group Name % Correct
VixxVixx LR
63.4%
4Minute&BeastTrouble Maker
62.8%
InfiniteWoohyun
62.3%
BeastHyunseung
61.1%
AOAChoa
61%
Got7JJ Project
59.9%
2PMJunho
59.9%
Epik HighTablo
59.9%
Brown Eyed GirlsGain
59.4%
2AMJokwon
59.4%
Block BKyung
59.4%
Super JuniorHenry
59.2%
CN BlueYonghwa
59.2%
Super JuniorSuper Junior D&E
58.9%
2PMWooyoung
58.6%
Block BTaeil
58.5%
B.A.PYongguk
58.3%
Super JuniorSuper Junior H
57.6%
Teen TopNiel
57.3%
FT IslandHongki
55.9%
SHINee&Infinitetoheart
54.9%
Lucky JJessi
54.4%
APinkEunji
53.9%
Super JuniorSuper Junior T
53.8%
Block BBastarz
53.8%
WinnerSeungyoon
53.6%
BeastKikwang
53.6%
Super JuniorZhou Mi
53.1%
AOAAOA Black
52.7%
BeastJunhyung
52.7%
Super JuniorSuper Junior K.R.Y
52.4%
After SchoolLizzy
51.4%
Girls DayMinah
51.3%
After SchoolRaina
50.5%
15&Baek Yerin
48.8%
InfiniteInfinite F
48.6%
T-araJiyeon
47.3%
4Minute2yoon
47.2%
BigbangGD&TOP
46.9%
Brown Eyed GirlsNarsha
45.5%
After SchoolKahi
45.3%
Winner&iKonMOBB
45.2%
B1A4Sandeul
44%
Brown Eyed GirlsJea
42.9%
Brown Eyed GirlsMiryo
42.9%
KaraHara
42.7%
Group Name % Correct
Akmu&Lee HiHi Suhyun
41.4%
BtoBBtoB Blue
40.9%
Exo,SHINee,F(x),TVXQ,SNSD&Super JuniorSM The Ballad
39.9%
T-araEunjung
38.6%
SecretHyosung
38.3%
T-araHyomin
38.3%
SS501SS301
38.2%
2AMJinwoon
35.7%
SS501Hyunjoong
35.3%
2AMSeulong
35.2%
After SchoolAfter School Red
34.5%
After SchoolAfter School Blue
34.3%
SecretJieun
32.3%
T-araBoram
31.7%
Exo,SHINee,SNSD&Super JuniorYounique Unit
30.8%
RainbowRainbow Blaxx
30.8%
BigbangGDXTaeyang
29.6%
Crayon PopStrawberry Milk
27.2%
T-araT-ara N4
27.1%
Nine MusesNine Muses A
26.6%
M.I.BKangnam
25.9%
B.A.PBang & Zelo
25.1%
Super Junior&TraxM&D
23.5%
BestieUji
23.1%
2AM&8eightHomme
21.8%
High4High4 20
21.7%
SpicaBohyung
21.6%
Nu'estNu'est M
21.5%
ZE:AZE:A5
21%
Topp DoggKidoh
21%
RainbowRainbow Pixie
19.3%
ZE:A&Nine MusesNasty Nasty
18.7%
2NE1&Lee HiBom&Hi
17.3%
SS501Hyungjun
17.2%
U-KISSUbeat
16.7%
SpicaSpica S
16.1%
SS501Jungmin
16.1%
SS501Youngsaeng
15.3%
SS501Kyujong
15.3%
FT IslandFTtriple
12.6%
Brown Eyed GirlsM&N
11.8%
100%100% V
11.8%
ZE:AZE:A4U
11.5%
ZE:AZE:A J
11%
CNBLUE&JunielRomantic J
8.6%
Mr.Mr.Tey
8.1%

You're not logged in!

Compare scores with friends on all Sporcle quizzes.
OR
Log In

Sporcle TV

Today on Sporcle TV


Watch our educational content, quiz creation guides, and fun videos on Sporcle TV.

Show Comments

Extras

Top Quizzes Today


Score Distribution

Your Account Isn't Verified!

In order to create a playlist on Sporcle, you need to verify the email address you used during registration. Go to your Sporcle Settings to finish the process.

Report this User

Report this user for behavior that violates our Community Guidelines.

Details: